000 00347nam a2200145Ia 4500
003 OSt
005 20240312094838.0
008 170524s9999 xx 000 0 und d
020 _a9789352718603
040 _ciimtu
100 _aMAHESHWARI-S N
245 3 _aAN INTRODUCTIONTO ACCOUNTANCY
260 _bVIKAS PUB. HOUSE NEW DELHI
942 _2ddc
_c02
999 _c8148
_d8148